Quizzes
Events
Quiz Creation
Community
Videos
Private Events
Remove Ads
Sign In
Join for FREE
Feedback
Dark Mode
Quiz Categories
Sports
Geography
Music
Movies
Television
Just For Fun
Miscellaneous
History
Literature
Language
Science
Gaming
Entertainment
Religion
Holiday
For Kids
Quiz Lab
Recent
Popular Today
Quiz Kudos Today
Editor Picks
Curator Picks
Quizzes by...
Day
Popularity
Type
Ratings
Length
Year
Community
Subscriptions
Recent Discussions
Orange Saloon
Badges
Playlists
Quests
Create
Leaderboards
Showdown
Live 5
Trivia Bingo
Activity
Puzzle Library
Sporcle Events
Private Events
Virtual Trivia
Globe League
Become a Host
Pub Owners
SporcleCon
Opinionation
Our Games
Videos
Blog
Mobile Apps
Partnerships
Remove Ads and Go Orange
Feedback
Sports
Athletes
MLB
NBA
NHL
NFL
Soccer
Sports Teams
WWE
NCAA
Football
Premier League
Basketball
Baseball
Hockey
Golf
Tennis
Cricket
Rugby
Auto Racing
Olympics
World Cup
Sports
Athletes
MLB
NBA
NHL
NFL
Soccer
Sports Teams
WWE
NCAA
Football
Premier League
Basketball
Baseball
Hockey
Golf
Tennis
Cricket
Rugby
Auto Racing
Olympics
World Cup
Random Quiz
Search Sporcle
×
Quiz Lab
Quiz Lab
Sports
MVP
Type in answers that appear in a list
Type in answers that appear in a list
Classic
Best Score? Go Orange.
Super Bowl Winning QBs without a MVP Stats
Can you name the Super Bowl Winning QBs who did not Win a Super Bowl MVP award?
By
hoosier1391
2m
11 Questions
176 Plays
176 Plays
176 Plays
Comments
Comments
Give Quiz Kudos
Give Quiz Kudos
-
- Ratings
hide this ad
More Info
Replay
Link that replays current quiz
Next Quiz
Link to next quiz in quiz playlist
You Got
0%
They Got
Avg Score
64%
Avg Friend Score
Upgrade to see
Score Distribution
Jump to the score distribution portion of the page
Score
0/11
Timer
02:00
0
Plays Today
Super Bowl Victories
Quarterback
% Correct
Super Bowls XL and XLIII
Ben Roethlisberger
81.8%
Super Bowl XXXV
Trent Dilfer
77.3%
Super Bowl XXXVII
Brad Johnson
76.7%
Super Bowl XXXI
Brett Favre
75%
Super Bowls VII and VIII
Bob Griese
69.9%
Super Bowl XX
Jim McMahon
68.8%
Super Bowl XI
Ken Stabler
64.8%
Super Bowl V
Johnny Unitas
63.6%
Super Bowl XLVIII
Russell Wilson
60.4%
Super Bowl XVII
Joe Theismann
59.1%
Super Bowl XXV
Jeff Hostetler
52.8%
Quiz Playlist
Details
Report
Send in Message
Add To Playlist
More Info:
If the QB played in multiple Super Bowls and won an MVP in any of those games, he is off the list.
Classic:
Type in answers that appear in a list
Last Updated: Feb 16, 2017
Quiz Scoreboard
CHALLENGE
Sign Up to Join the Scoreboard
Show All
Scores
Hide
Comments
May contain spoilers
Recently Published
Billboard Blitz: Fleetwood Mac
by CooCooCachoo
Music
15s
Presidents Visiting Landmarks
by Hejman
History
7m
An Introduction to Baseball
by treessimontrees
Sports
5m
More to Explore
Quiz From the Vault
Featured Blog Post
Where Did the Easter Bunny Come From?
hide this ad
You Might Also Like...
Tags
MVP
No
Quarterbacks
Super Bowl
Winning
Today's Top Quizzes in Sports
Browse Sports
hide this ad
Today's Top Quizzes in MVP
Browse MVP
Top Contributed Quizzes in Sports
1
Les meilleurs buteurs des matchs entre le PSG et l’OM
2
2022 World Cup Stars
3
FIFA Club World Cup Champions
4
Les entraîneurs de l'OM et du PSG au 21e siècle
5
Name the Premier League winners with different clubs
6
5-to-1: UK Sports Teams
7
La finale Lions - Afrique du Sud 2021
8
Criteria MLB: Left Handed Sluggers
9
AFC Teams Reveal (Wrong Answers Minefield)
10
England Test cricketers to play under Nasser Hussain
Explore More
Trending Topics
NBA
Crossword
Marvel
Anime
Kpop
Disney
Harry Potter
WWE
Pokémon
Song
NFL
Puzzle
Country
The Office
Soccer
hide this ad
More By:
hoosier1391
Quiz
Plays
Rating
Category
Featured
Created
Losing Superbowl Quarterbacks
372
Sports
Oct 2, 2012
Super Bowl and Heismann Winners
273
5.00
Sports
Oct 3, 2012
Super Bowl Winning QBs without a MVP
176
4.60
Sports
Oct 3, 2012
NFL MVP and Super Bowl MVP
94
Sports
Oct 3, 2012
Heisman Winner and Super Bowl MVP
88
2.00
Sports
Oct 3, 2012
Go to Creator's Profile
Score Distribution
Quiz Creator Spotlight
hoosier1391
Follow
Send a Message
Quizzes Created
-
Created Quiz Play Count
-
More By This Creator
Popular Quizzes Today
1
Find the US States - No Outlines Minefield
2
Find the Countries of Europe - No Outlines Minefield
3
The Countries of the World
4
Find the US States
5
Popular People in 1961
6
US States
7
Risky Map Clicking: Biggest States A-Z
8
Movies - When Are They Set?
More Sports Quizzes
Ligue 1 XIs: Caen since 1988/1989
Quiz Lab
Trending Quizzes
Risky Map Clicking: Least Populous States A-Z
1-10 Letter G Words
1-10 Letter F Words
Risky Map Clicking: Next State Alphabetically
Risky Map Clicking: Biggest States A-Z
Recently Updated
Leaping Animals
pecheneg
Reality TV Shows (A-Z)
bhenderson79
Rickey Henderson's Hall of Fame Teammates
pecheneg
Champions League XIs: Arsenal
pecheneg
Quick Pick: Celebrities in WWE's Hall of Fame
aduchscher
A-Z Keypad Blitz II
pecheneg
Multiple Oscar Actors
pecheneg
Mystery Phrase Blitz: Oscar 'Best Actors'
pecheneg
F. Scott Fitzgerald Novels
LTH
Pick 3 Villains
ddd62291
Trending Topics
Kpop
Crossword
NBA
Harry Potter
Marvel
Anime
Disney
Song
NFL
Puzzle
Pokémon
Country
Soccer
The Office
WWE
Your Account Isn't Verified!
In order to create a playlist on Sporcle, you need to verify the email address you used during registration. Go to your
Sporcle Settings
to finish the process.
Report this User
Report this user for behavior that violates our
Community Guidelines
.
Details:
Send Report
Go to the Sporcle.com Mobile Site →
Comments